|
|
|
|
| LEADER |
00000nam#a2200000#a#4500 |
| 001 |
009036 |
| 005 |
20160721144941.0 |
| 008 |
030326s2002####ag##################spa#d |
| 020 |
|
|
|a 9879746988
|
| 040 |
|
|
|a AR-beUNQ
|
| 099 |
|
|
|a 06-S8
|
| 100 |
1 |
|
|a Sabsay, Daniel A.
|
| 245 |
0 |
0 |
|a Región Metropolitana de Buenos Aires : aporte jurídico-institucional para su construcción
|c Daniel A. Sabsay ; María del Carmen García ; Andrés Nápoli....[et al.]
|
| 260 |
|
|
|a Buenos Aires :
|b Fundación Ambiente y Recursos Naturales,
|c 2002
|
| 300 |
|
|
|a 108 p
|
| 500 |
|
|
|a Publicación disponible en: http://www.farn.org.ar/docs/libros.html
|
| 650 |
|
7 |
|a REGIONES
|2 Spines
|
| 650 |
|
7 |
|a ASPECTOS LEGALES
|2 Spines
|
| 650 |
|
7 |
|a LEGISLACION
|2 Spines
|
| 650 |
|
7 |
|a PLANIFICACION URBANA
|2 Spines
|
| 650 |
|
7 |
|a PLANIFICACION REGIONAL
|2 Spines
|
| 651 |
|
7 |
|a CONURBANO BONAERENSE
|
| 700 |
1 |
|
|a García, María del Carmen
|
| 700 |
1 |
|
|a Nápoli, Andrés
|
| 700 |
1 |
|
|a Ryan, Daniel
|
| 929 |
|
|
|a COMPRA
|b Fundación Ambiente y Recursos Naturales
|d 15,00E
|e 20021211
|f patrimonio
|j 33328
|
| 942 |
|
|
|c LIB
|n 0
|
| 999 |
|
|
|c 11491
|d 86878
|